Curso de IRPF

Bibliographic Details
Main Author: McNaughton, Charles William
Format: eBook
Language:Portuguese
Published: San Pablo: Editora Noeses, 2019
Subjects:
Online Access:Acceso restringido

MARC

LEADER 00000nam a22000007a 4500
005 2020111808238.0
007 cr|||| ||||
008 201118s2019 br |||||s|||| 00||0 por d
020 |a 978-85-8310-121-5 
035 |a 32308 
040 |a vLex 
090 |c 10898  |d 10898 
100 1 |a McNaughton, Charles William 
245 1 0 |a Curso de IRPF  |h [Recurso electrn̤ico] /  |c Charles William McNaughton 
256 |a Servicio en ln̕ea 
260 |a San Pablo:  |b Editora Noeses,  |c 2019 
300 |a 1 recurso electrn̤ico 
506 1 |a Disponible solo en los productos indicados  |d vLex Global  |d vLex Global (Academic Edition, excluding Law Schools)  |d vLex Global (U.S. Academic Edition, Law Schools)  |d vLex Global (U.S. Academic Edition, excluding Law Schools)  |d vLex Global (Academic Edition, Law Schools) 
650 0 4 |a Derecho Fiscal  |z Brasil 
740 0 |a vLex Libros (Servicio en ln̕ea) 
856 4 0 |u http://vlex.com/source/curso-irpf-32308  |z Acceso restringido 
942 |c BOOK 
999 0 |a Tax Law